Personaggi di Mario Kart 8 - Statistics

Statistiche generali
  • Questo quiz è stato fatto 13 volte
  • Il punteggio medio è 21 su 30
Statistiche sulle risposte
Personaggio % Corretto
Baby Luigi
100%
Baby Mario
100%
Baby Peach
100%
Bowser
100%
Luigi
100%
Mario
100%
Mario Metallo
100%
Mario Tanuki
100%
Peach
100%
Peach Gatto
100%
Peach Oro Rosa
100%
Toad
100%
Yoshi
100%
Waluigi
91%
Wario
91%
Baby Rosalinda
73%
Donkey Kong
73%
Rosalinda
73%
Daisy
64%
Koopa
55%
Toadette
55%
Tipo Timido
45%
Larry Koopa
36%
Ludwig von Koopa
36%
Wendy O. Koopa
27%
Iggy Koopa
18%
Link
18%
Morton Koopa Jr.
18%
Roy Koopa
18%
Lakitu
9%
Nessun quiz corrispondente trovato
Distribuzione punteggi
Percentuale di utenti per punteggio
Percentile per numero di risposta
I tuoi punteggi nel tempo
Non hai fatto questo quiz